Escritos selectos /

Guardado en:
Autor Principal: Berro, Bernardo Prudencio
Formato: Libro
Publicado: Montevideo : Instituto nacional del libro, 1966
Materias:
Etiquetas: Agregar Etiqueta
Sin Etiquetas, Sea el primero en etiquetar este registro!
LEADER 00489nam a22001695a 4500
001 CEM.cems001028
005 20060213000000.0
008 130507s1966##################000#0#####d
003 CEMS
082 0 4 |a U868.4 
100 1 |a Berro, Bernardo Prudencio 
245 1 0 |a Escritos selectos / 
260 |a Montevideo :  |b Instituto nacional del libro,  |c 1966 
300 |a 354 p. 
653 |a Literatura 
653 |a Literatura hispanoamericana 
859 |a CEMS  |b BIB. CEMS - 11 de abril  |h U868.4  |i B459  |p 10386.81  |t Ej.1